000 00399nam a2200109Ia 4500
008 171204s9999 xx 000 0 und d
245 _aHandbook of Early Childhood Development Programs, Practices, and Policies:
245 _cElizabeth Votruba-Drzal and Eric Dearing
260 _c2017
650 _xPRF Ed 1: Child & Adolescent Development
856 _uhttp://down.ebook777.com/055/9781118937297.pdf
999 _c345836
_d345836